| 000 | 00000nam##2200000za#4500 |
| 001 | 9.639957 |
| 003 | CaOODSP |
| 005 | 20210624222431 |
| 007 | cr ||||||||||| |
| 008 | 150407|1996||||xxc|||||o f|0| 0 fre|d |
| 040 | |aCaOODSP|bfre |
| 043 | |an-cn--- |
| 086 | 1 |aR2-167/1996F-PDF |
| 110 | 1 |aCanada.|bAffaires indiennes et du Nord. |
| 245 | 10|aMobilité et migration des Indiens inscrits : |h[ressource électronique]|bune analyse des données du recensement de 1996 / |cpr Mary Jane Norris ... [et al.]. |
| 260 | |aOttawa - Ontario : |bAffaires indiennes et du Nord |c[2004]. |
| 300 | |a52p.|bfigures en couleur, graphiques, références, tableaux |
| 500 | |aLe n° de catalogue (R2-299/2003F-PDF) et l'ISBN (0-662-75529-4) d'une autre publication ont été incorrectement copiés dans cette publication. |
| 590 | |a12-05-Supp|b2012-03-02 |
| 720 | 1 |aNorris, Mary Jane |
| 775 | 08|tRegistered Indian mobility and migration : |w(CaOODSP)9.695850 |
| 856 | 40|ahttp://publications.gc.ca|qPDF|s360 Ko|uhttps://publications.gc.ca/collections/collection_2012/ainc-inac/R2-167-1996-fra.pdf |